• 首页
  • 本馆介绍
  • 公告通知
  • 最新文献
  • 馆藏检索
  • 电子资源
  • 读者导购
  • 参考咨询
  • 我的图书馆
  • 登录
  • 详细信息显示
  • 放入我的书架
  • 预约/预借图书
  • 作者相关作品
  • 分类相关作品
  • 丛书相关作品
  • 出版社相关作品

书目信息

  • 表格格式
  • 工作单格式
  • 卡片格式
题名:
《说文通训定声》高低笔号通检
    
 
作者: 蔡勇飞 著
分册: 五  
出版信息: 杭州   杭州师范学院  1984.08
页数: 777-972页
开本: 26cm
丛书名:
单 册:
中图分类: H124.5
科图分类:
主题词: 汉字--排检法
电子资源:
ISBN:
000 00625nam0 2200205 45
001 0504281058
005 20050428153951.6
010    @dCNY12.00
100    @a20050428d1984 km y0chiy0120 ea
101 0  @achi
105    @a z 000yy
200 1  @a《说文通训定声》高低笔号通检@A《Shuo Wen Tong Xun Ding Sheng》Gao Di Bi Hao Tong Jian@h五@f蔡勇飞著@FCai Yong Fei Zhu
210    @a杭州@c杭州师范学院@d1984.08
215    @a777-972页@d26cm
300    @a杭州师范学院古籍整理项目之一
606 0  @a汉字@x排检法
690    @aH124.5@v3
701  0 @a蔡勇飞@4著
801    @aCN@bPftUser@c20050428
905    @dH124.5@e26:5@f4@b136076-079
    
    《说文通训定声》高低笔号通检.五/蔡勇飞著.-杭州:杭州师范学院,1984.08
    777-972页;26cm
    杭州师范学院古籍整理项目之一
    
    ISBN :CNY12.00
    
●
相关链接 在E读中查询图书 在五车中查询图书 在当当中查询图书 在豆瓣中查询图书


正题名:《说文通训定声》高低笔号通检     索取号:H124.5/26:5         预约/预借

序号 登录号 条形码 馆藏地/架位号 状态 备注
1 0136076   002037904   密集书库/ [索取号:H124.5/26:5] 在馆    
2 0136077   001562231   密集书库/ [索取号:H124.5/26:5] 在馆    
3 0136078   001562204   密集书库/ [索取号:H124.5/26:5] 在馆    
4 0136079   001562179   密集书库/ [索取号:H124.5/26:5] 在馆    
5 0136080   000833744   第二样本阅览室/ [索取号:H124.5/26:5] 在馆    
唐山师范学院图书馆 欢迎您!
大连网信软件有限公司© 版权所有